Ekonomičeskije interesy Islandii v kontekste rešenija voprosa o vstuplenii v Jevropejskij Sojuz

Charakteristika ekonomického rozvoja Islandu v súčasnosti. Zahraničnopolitická integrácia Islandu. Integrácia Islandu do medzinárodných ekonomických štruktúr. Ekonomické vzťahy Islandu a Európskej únie.

Guardado en:
Detalles Bibliográficos
Autor principal: Lipková, Ľudmila
Formato: Capítulo de libro
Lenguaje:ruso
Materias:
Etiquetas: Agregar Etiqueta
Sin Etiquetas, Sea el primero en etiquetar este registro!

MARC

LEADER 00000naa$a2200000$$$4500
001 0208220
005 20240502083520.9
041 0 |a rus 
044 |a RU 
245 1 0 |a Ekonomičeskije interesy Islandii v kontekste rešenija voprosa o vstuplenii v Jevropejskij Sojuz  |c Ľudmila Lipková 
520 |a Charakteristika ekonomického rozvoja Islandu v súčasnosti. Zahraničnopolitická integrácia Islandu. Integrácia Islandu do medzinárodných ekonomických štruktúr. Ekonomické vzťahy Islandu a Európskej únie. 
610 2 0 |a politika zahraničná 
610 2 0 |a vzťahy medzinárodné 
610 2 0 |a integrácia ekonomická medzinárodná 
610 2 0 |a spolupráca hospodárska medzinárodná 
610 2 0 |a situácia hospodárska 
610 2 0 |a rozvoj hospodársky 
610 2 0 |a Island 
610 2 0 |a Európska únia 
100 1 |a Lipková, Ľudmila